Písanka 4 pre 1. ročník základných škôl : v súlade s inovovaným ŠVP

Podrobná bibliografia
Hlavný autor: Nguyenová Anhová, Ľuba (Autor)
Médium: Kniha
Jazyk:slovenčina
Fyzický popis:32 s. ilustr. 21 cm
Vydavateľské údaje: Košice Taktik 2017
ISBN:9788081800313
Vydanie:1. vyd.
Edícia:Nezábudka
Predmet:

MARC

LEADER 00000cam a2200000 a 4500
001 vtls011728210
003 SK-MaSNL
005 20260301222712.0
008 240318s2017 xo a b p 000 0 slo
015 |a SNBA2018/02 
020 |a 9788081800313  |q (brož.) 
040 |a SNK  |b slo  |c SNK  |e AACR2 
041 0 |a slo 
044 |a xo  |c SK 
072 7 |a 373.2/.3  |x Predškolská a primárna výchova a vzdelávanie  |2 konspekt 
080 |a 37.016:003-028.31  |2 2011 
080 |a (075.2)  |2 2011 
080 |a (076.1)  |2 2011 
100 1 |a Nguyenová Anhová, Ľuba  |4 aut  |9 121871 
245 1 0 |a Písanka 4  |b pre 1. ročník základných škôl : v súlade s inovovaným ŠVP  |c [autorka: Ľuba Nguyenová Anhová ; ilustrácie: www.shutterstock.com] 
250 |a 1. vyd. 
260 |a Košice  |b Taktik  |c 2017 
300 |a 32 s.  |b ilustr.  |c 21 cm 
490 1 |a Nezábudka 
504 |a Použité piktogramy 
650 0 7 |a písanie  |2 SNKPH  |9 1728 
650 0 7 |a Writing  |2 SNKPHeng  |9 302882 
655 7 |a učebnice základných škôl  |2 SNKPH  |9 70187 
655 7 |a pracovné zošity  |2 SNKPH  |9 70188 
655 7 |a Textbooks (elementary)  |2 SNKPHeng  |9 276977 
655 7 |a Activity books  |2 SNKPHeng  |9 302885 
830 0 |a Nezábudka  |9 365502 
852 |a Štátna vedecká knižnica v Banskej Bystrici 
919 |a 978-80-8180-031-3 
999 |c 940751  |d 942681 
952 |a SNK  |b SNK  |y PREZ  |7 0  |p 17A1307082  |o snkOSC 28237/4  |i snk2018/738  |8 0  |0 0  |1 0  |4 0  |d 2018-01-11  |l 0  |r 2026-02-24 09:17:28  |w 2026-02-24 
952 |a SNK  |b SNK  |y PREZ  |7 0  |p 17A1307083  |o snkOSC 28237/4 D1  |i snk2018/739  |8 0  |0 0  |1 0  |4 0  |d 2018-01-11  |l 0  |r 2026-02-24 09:17:28  |w 2026-02-24